000 00589nam a2200193Ii 4500
003 JO-AjNU
008 230606s9999||||xx |||||||||||||| ||und||
040 _aJO-AjNU
_beng
_erda
_cJO-AjNU
041 _aeng
050 1 4 _aPR5558.A1 1961
100 3 _aTennyson, Alfred,
_eauthor
_95543
245 0 0 _aIdylls of the King and A Selection of Poems
264 3 1 _aNew York: New American Library, 1961
300 _a319P
336 _atext
_btxt
_2rdacontent
337 _aunmediated
_bn
_2rdamedia
338 _avolume
_bnc
_2rdacarrier
650 4 _aArthurian Romances-Adaptations- Poetry
_95544
999 _aE2867
_c2865
_d2865